The ancient walk-about way: (Record no. 57078)

MARC details
000 -LEADER
fixed length control field 00842nam a22002057a 4500
005 - DATE AND TIME OF LATEST TRANSACTION
control field 20110927164043.0
010 ## - LCCN (DPL NO)
LC control number G-001500
020 ## - INTERNATIONAL STANDARD BOOK NUMBER
Terms of availability 100.00
035 1d - SYSTEM CONTROL NUMBER
System control number G-001500
037 ## - SOURCE OF ACQUISITION
Source of stock number/acquisition Gift
082 ## - DEWEY DECIMAL CLASSIFICATION NUMBER
Classification number 299.93
100 ## - MAIN ENTRY--PERSONAL NAME
Personal name Adi Da Samraj
245 ## - TITLE STATEMENT
Title The ancient walk-about way:
Statement of responsibility, etc by the divine avataric great sage Adi Da Samraj
Remainder of title the care esoteric process of real spirituality and its perfect fulfillment in the way of Adidam /
260 ## - PUBLICATION, DISTRIBUTION, ETC. (IMPRINT)
Place of publication, distribution, etc California
Name of publisher, distributor, etc The Dawn Horse Press
Date of publication, distribution, etc 2006
270 ## - ADDRESS
Address 10336, Loch Lomond Road, #305, Middletown,
City California
300 ## - PHYSICAL DESCRIPTION
Extent 143p.
Dimensions 24cm(pbk)
Other physical details photos
942 ## - ADDED ENTRY ELEMENTS (KOHA)
Source of classification or shelving scheme Dewey Decimal Classification
Item type English Books
Classification part 299.93
Call number suffix ADI
Holdings
Withdrawn status Lost status Not for loan Collection code Home library Current library Date acquired Source of acquisition Cost, normal purchase price Full call number Barcode Copy number Cost, replacement price Koha item type
      Non-fiction Janak Puri Janak Puri 27/09/2011 gift 100.00 299.93 ADI G-001500 1 100.00 English Books

© Delhi Public Library
Hit Counter
free hit counter